000 004250000a22001690004500
003 MACL
005 20160108163509.0
008 160108b xxu||||| |||| 00| 0 eng d
040 _aMACL
_cMACL
041 _aEnglish
082 _a919.8/PEA
100 _aPeary, Robert E
_930026
245 _aNorthward over the Great Ice
260 _bMethuen & Co.
_c1898
_aLondon
650 _aHistory
_930027
942 _cBK
_k919.8/PEA
_2ddc
999 _c36841
_d36841